[Event "Tilburg"]
[Site "Tilburg"]
[Date "1993.??.??"]
[Round "2"]
[White "Epishin, Vladimir"]
[Black "Polugaevsky, Lev"]
[Result "1-0"]
[WhiteElo "2655"]
[BlackElo "2605"]
[Annotator "Dautov,R"]
[PlyCount "71"]
[EventDate "1993.11.??"]
[EventType "k.o."]
[EventRounds "7"]
[EventCountry "NED"]
[SourceTitle "CBM 039"]
[Source "ChessBase"]
[SourceDate "1994.04.01"]
[SourceVersion "1"]
[SourceVersionDate "1994.04.01"]
[SourceQuality "1"]

1. d4 Nf6 2. c4 e6 3. Nf3 b6 4. g3 Ba6 5. b3 Bb4+ 6. Bd2 Be7 7. Bg2 c6 8. Bc3
d5 9. Ne5 Bb7 10. Nd2 (10. O-O Na6 11. Bb2 O-O 12. Nc3 Rc8 13. e4 Bb4 14. exd5
Bxc3 15. Bxc3 cxd5 16. Qe2 Qe7 17. Bb2 $14 {Karpov-Georgiev,Ki/Biel/1992})
10... Nbd7 11. Nxd7 (11. O-O c5 12. Nxd7 Qxd7 13. dxc5 bxc5 14. cxd5 exd5 15.
Bxf6 Bxf6 16. Rc1 Rc8 17. e4 dxe4 18. Nxe4 Bxe4 19. Bxe4 g6 $14 {
Jusupov-Sokolov,A/Riga m/4/1986}) 11... Qxd7 12. O-O O-O (12... c5 $5) 13. e4
$14 Rfd8 14. Re1 (14. e5 $5 Ne8 15. cxd5 cxd5 16. f4 Rdc8 17. Bb2 Ba6 18. Rf2
Bd3 19. Nf1 Bxf1 20. Bxf1 $14) 14... dxe4 $6 (14... c5 $6 15. cxd5 exd5 16. e5
Ne8 17. f4 $16) (14... dxc4 $6 15. bxc4 $16) (14... Rac8 $142 15. Rc1 $14) 15.
Nxe4 c5 (15... Nxe4 16. Bxe4 Bf6 17. Qc2 Bxd4 18. Bxd4 Qxd4 19. Rad1 Qf6 20.
Bxh7+ Kh8 21. Be4 Rxd1 (21... Qe7 22. Qe2 g6 23. Qf3 $16) 22. Rxd1 Rd8 23.
Rxd8+ Qxd8 24. c5 Qd4 25. cxb6 Qxb6 26. Qd1 $1 $16) 16. d5 $1 Nxe4 (16... exd5
$2 17. Nxf6+ Bxf6 18. Bxf6 gxf6 19. cxd5 $16 {/\} Bxd5 $2 20. Bxd5 Qxd5 21.
Re8+ $18) 17. Bxe4 exd5 18. cxd5 $16 Qd6 $1 (18... Bd6 19. Qc2 h6 (19... g6 $2
20. Bb2 {/\Qc3}) 20. Bh7+ Kh8 21. Bf5 Qc7 22. Rad1 Re8 23. Qd2 Kg8 24. Bb1 $16
{/\Qd3}) 19. Qc2 Bf6 $2 (19... g6 20. Rad1 Bf8 (20... Bf6 21. Bxf6 Qxf6 22. d6
$16) 21. Qb2 $16) (19... Qh6 $142 20. Rad1 (20. Bxh7+ Qxh7 21. Qxh7+ Kxh7 22.
Rxe7 Bxd5 23. Rae1 $1 {Epishin} a5 $10 {/\a4,/\Rab8-b7}) 20... Bd6 21. Re3 Re8
22. Rde1 Re7 23. Bf3 $16) 20. Bxf6 Qxf6 21. Rad1 Rab8 (21... Rd6 {>=} 22. Bxh7+
Kf8 23. Be4 Rad8 24. Qc4 $16) 22. d6 $1 (22. Bxh7+ Kf8 23. Be4 Rd6 $16) 22...
g6 23. d7 Bc6 24. Bxc6 Qxc6 25. Re7 $18 Kf8 (25... Rb7 26. Qc3 {/\Qe5}) 26. Qe2
{/\Qe5} Qf6 27. Re5 Qc6 (27... Rb7 28. Re8+ Kg7 29. Rxd8 Qxd8 30. Qe8 Rb8 31.
Qe5+ f6 32. Qxb8 $18) 28. Red5 Kg8 (28... Qf6 29. Qa6 Ra8 30. Qb7 $18 {Epishin}
) 29. Rd6 Qc7 30. h4 $40 b5 (30... h5 31. Qe7 Rb7 32. g4 hxg4 33. h5 gxh5 34.
Qg5+ Kf8 35. Rh6 $18) 31. h5 Rb6 32. Qe8+ Kg7 33. Qe5+ Kf8 34. Qh8+ Ke7 35.
Qf6+ Kf8 36. Re1 1-0

[Event "Linares 12th"]
[Site "Linares"]
[Date "1994.??.??"]
[Round "5"]
[White "Ivanchuk, Vassily"]
[Black "Karpov, Anatoly"]
[Result "0-1"]
[WhiteElo "2710"]
[BlackElo "2740"]
[Annotator "Dautov,R"]
[PlyCount "60"]
[EventDate "1994.02.??"]
[EventType "tourn"]
[EventRounds "13"]
[EventCountry "ESP"]
[EventCategory "18"]
[SourceTitle "CBM 040"]
[Source "ChessBase"]
[SourceDate "1994.06.01"]
[SourceVersion "1"]
[SourceVersionDate "1994.06.01"]
[SourceQuality "1"]

1. d4 Nf6 2. c4 e6 3. Nf3 b6 4. g3 Ba6 5. Nbd2 Bb7 6. Bg2 c5 7. e4 cxd4 8. O-O
$5 {N} (8. e5 Ne4 $1 9. O-O Nxd2 10. Bxd2 Bxf3 11. Qxf3 Nc6 12. Qxc6 dxc6 13.
Bxc6+ Qd7 14. Bxd7+ Kxd7 $10) (8. Nxd4 Bc5 $1 (8... d6 9. O-O Nbd7 10. Re1 a6
11. e5 $5 Bxg2 12. exf6 Qxf6 (12... Bb7 $5) 13. Nxe6 $1 fxe6 14. Kxg2 Nc5 15.
Ne4 $16 {Browne-Burger/Philadelphia op/1990}) 9. Nb5 a6 10. Nc3 Qc7 11. O-O Be7
$10) 8... d6 (8... Nxe4 $6 9. Ne5 d5 (9... Nxd2 10. Bxb7 Nxf1 11. Bxa8 $16) (
9... Nd6 10. Bxb7 Nxb7 11. Qf3 $16) 10. cxd5 exd5 11. Qa4+ Nd7 12. Re1 $36) (
8... Nc6 $6 9. e5 Ng4 10. h3 Nh6 11. Ne4 $16) (8... Bc5 $6 9. e5 Ne4 10. Ng5 $1
Nc3 (10... Nxd2 11. Bxb7 Nxf1 12. Bxa8 $16) (10... Qxg5 $2 11. Nxe4 Qd8 12.
Nd6+ Bxd6 13. Bxb7 $18) 11. bxc3 Bxg2 12. Kxg2 Qxg5 13. Nf3 $16) 9. Nxd4 Qd7 $1
(9... Be7 10. Qa4+ $5 Qd7 (10... Nbd7 11. Nc6 $16) 11. Qxd7+ Nbxd7 $2 (11...
Kxd7 $142 $14) 12. Nb5 O-O 13. e5 Bxg2 14. exf6 Bxf1 15. fxe7 $16) 10. Re1 Be7
11. Nb1 (11. b3 O-O 12. Bb2 Nc6 13. N2f3 (13. f4 $6 Nxd4 14. Bxd4 e5 $1 15. Bb2
exf4 16. gxf4 b5 $132) 13... a6 14. Nxc6 Qxc6 $1 15. Nd4 Qc7 $10) 11... Nc6 12.
Nc3 Nxd4 13. Qxd4 O-O 14. b3 (14. h3 Rab8 15. Be3 a6 16. a4 Ba8 $132 {/\Qc7})
14... Rfd8 15. Bb2 Rab8 16. h3 Ba8 $10 17. g4 $6 {><f4} h6 18. a4 (18. f4 $2 d5
$17 {/\Bc5}) 18... a6 19. Ba3 Qc8 20. Bb2 $6 Qc5 21. Qd2 Nd7 22. Red1 Ne5 23.
Ne2 {/\Bd4,f4} (23. Kh1 Ng6 24. f4 Nh4 $15) 23... Bg5 24. Qc3 Bf6 25. Ba3 (25.
Qd2 $5) 25... Qc7 26. Qd2 (26. Qg3 Ng6 27. Rac1 Bh4 $1 {/\} 28. Qe3 $2 Bg5)
26... Ng6 27. Rac1 Be7 28. Qe3 $2 (28. f4 b5 $1 29. cxb5 Qa7+ 30. Qd4 Qxd4+ 31.
Rxd4 (31. Nxd4 axb5 32. Nxb5 Nxf4 $17) 31... axb5 32. a5 e5 33. fxe5 Nxe5 $15 {
/\Nc6}) (28. Rc3 $1 Qa7 (28... Bg5 $6 29. Bxd6 Qc6 30. f4 Nxf4 31. Nxf4 e5 32.
Rd3 Bxf4 33. Qb2 Rbc8 34. Bxe5 $14) 29. Rd3 Ne5 30. Rd4 Nc6 31. Rd3 Ne5 $10)
28... Bg5 29. f4 Nxf4 $1 30. Nxf4 e5 $17 (30... e5 31. Qd3 Bxf4 32. Rc2 $17)
0-1

[Event "St Petersburg op"]
[Site "St Petersburg"]
[Date "1994.??.??"]
[Round "7"]
[White "Nepomnishay, Mikhail I"]
[Black "Geller, Efim P"]
[Result "1-0"]
[WhiteElo "2345"]
[BlackElo "2490"]
[Annotator "Dautov,R"]
[PlyCount "47"]
[EventDate "1994.02.??"]
[EventType "swiss"]
[EventRounds "9"]
[EventCountry "RUS"]
[SourceTitle "CBM 041"]
[Source "ChessBase"]
[SourceDate "1994.08.01"]
[SourceVersion "1"]
[SourceVersionDate "1994.08.01"]
[SourceQuality "1"]

1. d4 Nf6 2. c4 e6 3. Nf3 b6 4. g3 Ba6 5. Nbd2 c5 6. e4 cxd4 7. e5 Ng4 8. h3
Nh6 9. Bg2 Nc6 10. O-O Nf5 11. a3 Rc8 $2 (11... Qc7 12. b4 Bb7 13. Ne4 h5 14.
Bf4 a5 15. b5 Nd8 16. Nxd4 Qxc4 17. Nxf5 exf5 18. Rc1 Qe6 19. Ng5 $16 {
Sherbakov-Galliamova/Cheliabinsk/1989}) (11... Be7 $1 12. b4 Bb7 13. g4 Nh4 14.
Nxh4 Bxh4 15. Ne4 Be7 16. Bg5 $1 O-O 17. Bxe7 Nxe7 18. Qxd4 Ng6 19. f4 Qc7 $10
{Grivas-Aseev/Leningrad/1989}) 12. Re1 (12. b4 Bb7 13. Ne4 $2 Nxb4 $1 $17)
12... Be7 13. b4 Bb7 14. Ne4 $1 (14. Nb3 $6 O-O 15. g4 Nh4 16. Nxh4 Bxh4 17.
Nxd4 Nxd4 18. Qxd4 Bxg2 19. Kxg2 f6 $17) 14... h5 (14... O-O 15. g4 Nh4 16.
Nxh4 Bxh4 17. Nd6 Rc7 18. Nxb7 Rxb7 19. b5 Na5 20. Bxb7 Nxb7 21. Qxd4 f6 22.
Ra2 $16) (14... d6 15. g4 dxe5 16. gxf5 exf5 17. Ng3 e4 18. Nxf5 exf3 19. Nxg7+
Kf8 20. Bh6 Kg8 21. Qxf3 $18) (14... d5 15. cxd5 exd5 (15... Qxd5 16. g4 Nh6
17. Bxh6 gxh6 18. Nf6+ $5 Bxf6 19. exf6 Qd8 20. Nxd4 Qxf6 21. Nxc6 Bxc6 22. Rc1
Bd7 23. Rxc8+ Bxc8 24. Qa4+ Kf8 25. Qxa7 $16) 16. Nf6+ Kf8 17. Nh5 $16) (14...
f6 15. g4 fxe5 16. gxf5 exf5 17. Ng3 f4 18. Nxe5 fxg3 19. Qh5+ g6 20. Nxg6
gxf2+ 21. Kxf2 $18) 15. Bf4 $16 d6 (15... O-O 16. g4 hxg4 17. hxg4 Nh6 18. Bxh6
gxh6 19. Qd2 Kg7 20. Ng3 $40) (15... f6 16. exf6 gxf6 17. Qd3 Rg8 $2 18. Nxf6+
Bxf6 19. Qxf5 $18) 16. exd6 Nxd6 17. Neg5 $6 (17. Bxd6 $1 Bxd6 18. Nxd4 Be5 19.
Nb5 $1 O-O 20. Ned6 (20. Qxh5 $5 g6 21. Qh6 Bg7 22. Qf4 Bxa1 23. Rxa1 $36)
20... Bxa1 21. Qxa1 Qd7 22. Nxc8 Rxc8 23. Rd1 $16) 17... Bf6 $2 (17... Nxc4 18.
Qd3 $44 {/\} b5 19. Rxe6 fxe6 20. Qg6+ Kd7 21. Qxe6+ Ke8 22. Qg6+ Kd7 23. h4
$18) (17... Nf5 18. Qd3 $44) 18. Nxe6 $1 fxe6 19. Rxe6+ Kf7 20. Rxd6 $18 Qe7
21. c5 bxc5 22. bxc5 Nd8 23. Qb3+ Kf8 24. Rxf6+ $1 (24. Rxf6+ Qxf6 25. Bd6+ Ke8
26. Re1+ Kd7 27. Ne5+ $18) 1-0

[Event "EU-Cup 14th Group3"]
[Site "Lubniewice"]
[Date "1998.09.19"]
[Round "2"]
[White "Dautov, Rustem"]
[Black "Shneider, Aleksandr"]
[Result "1-0"]
[WhiteElo "2625"]
[BlackElo "2540"]
[Annotator "Dautov,R"]
[PlyCount "89"]
[EventDate "1998.09.18"]
[EventType "team-k.o."]
[EventRounds "3"]
[EventCountry "POL"]
[SourceTitle "EXT 2020"]
[Source "ChessBase"]
[SourceDate "2019.10.17"]
[SourceVersion "1"]
[SourceVersionDate "2019.10.17"]
[SourceQuality "1"]
[WhiteTeam "Gorzow Stilon Welkopolski"]
[BlackTeam "Alchevsk Garant-Donbass"]
[WhiteTeamCountry "POL"]
[BlackTeamCountry "UKR"]

1. d4 Nf6 2. Nf3 e6 3. c4 b6 4. g3 Ba6 5. b3 Bb4+ 6. Bd2 Be7 7. Bg2 c6 8. Bc3
d5 9. Ne5 Nfd7 10. Nxd7 Nxd7 11. Nd2 Rc8 12. O-O O-O 13. Re1 (13. e4 c5 14.
exd5 exd5 15. dxc5 dxc4 16. c6 {f�hrt zur Hauptvariante.}) 13... c5 14. cxd5
exd5 (14... cxd4 15. Bxd4 exd5 16. a3 Nc5 17. Bb2 Bf6 $1 18. Bxf6 Qxf6 19. b4 (
19. Bxd5 Rfd8 {~=}) 19... Ne6 20. e3 {Chernin,A-Titz,H/Muenchen 1992} Rfd8 {=})
15. a3 (15. Qb1 cxd4 16. Bxd4 Nc5 17. Qb2 Ne6 18. Nf3 Bb4 19. Rec1 Qe7 {
=+ Hansen,L-Sax,G/Lugano 1989}) 15... Nf6 (15... Bf6 $5) (15... cxd4 {-14...
cxd4}) 16. b4 cxd4 (16... Qd7 $2 17. dxc5 bxc5 18. bxc5 Rxc5 19. Bxf6 gxf6 (
19... Bxf6 20. Ne4 {+/-}) 20. Nf3 Rd8 21. Nd4 {+/- Dautov,R-Utasi,T/Budapest
1989}) 17. Bxd4 Qd7 18. Qb3 {+=} Bb5 19. Qb2 (19. a4 $5 Bc4 20. Qb2 Rfd8 21. b5
{+= /\Rac1} (21. e3 Bd3 $132)) 19... Ba4 20. Rac1 Rxc1 21. Rxc1 Rc8 22. Rxc8+
Qxc8 23. Nf1 $1 Bd7 $1 24. Ne3 Be6 {Wei� steht etwas besser.Der Plan von
Schwarz sollte darin bestehen, den unangenehmen Druck auf der Diagonale a1-h8
loszuwerden. Daf�r sollte er zuerst mit seiner Dame den Isolani d5 decken,
Nf6-e8 und f7-f6 folgen lassen und abschlie�end die Stellung seines
Springers verbessern.} 25. Be5 $1 {/\25...Qd7 26.Qd4} (25. f4 Qd7 26. Bf3 Ne8
27. g4 f6 28. f5 Bf7 29. Qb3 Nc7 30. a4 Bd6 {=}) 25... h6 $2 {Schwarz verliert
kostbare Zeit. Er sollte an dem oben erw�hnten Plan festhalten und 25...Qd7
spielen.} (25... Qc6 26. f4 (26. Bxf6 Bxf6 27. Qd2 Qc3 28. Qxc3 Bxc3 29. Bxd5
Bd7 {+= /\b5,Bb2}) 26... Ne8 27. Qd2 {+/-}) (25... a5 26. f4 axb4 27. axb4 {
/\Qd4} Qf8 {/\Ne4} 28. f5 Bd7 29. Bxd5 $1 Nxd5 30. Nxd5 f6 (30... Bxf5 $2 31.
Bxg7 $1) 31. Qa2 Kh8 32. Bd4 {+/-}) (25... Qd7 $1 {war st�rker} 26. Qd4 Qc6
$1 $132 {mit gutem Gegenspiel dank der Drohung Qc1.}) 26. f4 {+/-} a5 27. Bf3
axb4 28. axb4 Qf8 (28... b5 $5 29. Kg2 Bh3+ 30. Kf2 Be6 31. Qd4 Qd7 {Schwarz
steht zwar sehr passiv, seine Festung ist jedoch nicht leicht einzunehmen.} 32.
Qd3 $5 d4 33. Bxd4 Bxb4 34. f5 Bb3 $1 35. Bxf6 Qxd3 36. exd3 gxf6 37. Bc6 Ba4
38. Kf3 Bc5 39. Ke4 {+/-}) 29. Kg2 $1 (29. f5 Bd7 30. Bxd5 Bxb4 31. Bxf6 gxf6
32. Qxf6 Bc5 33. Qe5 Qg7 {=}) 29... Qd8 $138 (29... Ne4 $2 30. f5 Bg5 31. fxe6
Bxe3 32. Qb3 {+-}) 30. Qd4 Bf8 (30... b5 31. f5 Bd7 32. Nxd5 Bxf5 33. Bxf6 Bxf6
34. Nxf6+ Qxf6 35. Qxf6 gxf6 36. Bc6 {+-}) (30... g6 31. g4 {+/-}) 31. f5 Bc8
32. Nxd5 Nxd5 33. Bxd5 Qe7 34. e4 {+-} Bb7 (34... Qxb4 35. Bxg7 {+-}) 35. f6
gxf6 36. Bxf6 Qc7 37. Bxb7 Qxb7 38. b5 Qc7 39. e5 Qc2+ 40. Kh3 Kh7 41. Qd7 Qb3
(41... Qg6 $142 42. g4 h5 43. Kh4 Bb4 44. Qf5 Be1+ 45. Kh3 hxg4+ 46. Qxg4 Qd3+
47. Kg2 Qd2+ 48. Kh1 Qd5+ 49. Qg2 Qxg2+ 50. Kxg2 Kg6 51. Kf3 Kf5 52. Bd8 Kxe5
53. Bxb6 {+-}) 42. Qf5+ (42. e6 Qxe6+ 43. Qxe6 fxe6 44. Bd4 {+-}) 42... Kg8 43.
Qc8 $1 {/\Be7} Qb4 (43... Qd1 44. Qg4+ {+-}) 44. Qg4+ Kh7 45. Qf5+ (45. Qf5+
Kg8 46. e6 {+-}) 1-0

[Event "Sochi"]
[Site "Sochi"]
[Date "1993.??.??"]
[Round "?"]
[White "Neverov, Valeriy"]
[Black "Aseev, Konstantin N"]
[Result "0-1"]
[WhiteElo "2535"]
[BlackElo "2490"]
[Annotator "Dautov,R"]
[PlyCount "74"]
[EventDate "1993.09.??"]
[EventType "tourn"]
[EventRounds "13"]
[EventCountry "RUS"]
[EventCategory "10"]
[SourceTitle "CBM 038"]
[Source "ChessBase"]
[SourceDate "1994.02.01"]
[SourceVersion "1"]
[SourceVersionDate "1994.02.01"]
[SourceQuality "1"]

1. d4 Nf6 2. c4 e6 3. Nf3 b6 4. g3 Ba6 5. b3 Bb4+ 6. Bd2 Be7 7. Bg2 d5 8. cxd5
exd5 9. O-O O-O 10. Nc3 Bb7 11. Qc2 Na6 12. Rad1 Qc8 (12... Re8 $5 13. Bf4 Qd7
14. Be5 Rad8 $132) 13. Bg5 {N} (13. Bf4 c5 14. Be5 Rd8 (14... h6 15. dxc5 bxc5
16. Nh4 $36) 15. Ng5 Nb4 16. Qb1 h6 17. Bh3 Qc6 18. Bxf6 Bxf6 19. Qh7+ Kf8 20.
Nf3 Bc8 $13 {Yuferov-Obukhov/URS/1991}) (13. Nh4 Re8 (13... g6 $5) 14. Nf5 Bf8
15. Bh3 Qd8 16. Bf4 Ne4 17. Nxe4 dxe4 18. d5 Nb4 19. Qxc7 Qxc7 20. Bxc7 Nxd5
21. Rc1 Ba6 $10 {Hebden-Psakhis/Oostende op/1992}) 13... Re8 14. Ne5 c5 15. Qb2
Nc7 $1 (15... cxd4 $5 16. Nb5 (16. Rxd4 $2 Bc5 $17) 16... Ne4 17. Bxe7 (17. Rc1
$2 Qe6 18. Bf4 Bf6 $17 19. Nxd4 $4 Bxe5 $19) 17... Rxe7 18. Qxd4 (18. Nf3 $2
Nc3 $17) 18... Qc5 $1 (18... Qc2 19. Bxe4 Qxe4 (19... dxe4 20. Qd8+ Re8 21. Qd7
Rxe5 22. Qxb7 Qc8 23. Qxc8+ Rxc8 24. Nxa7 $16) 20. Nf3 $14) 19. Qxc5 bxc5 20.
Bxe4 Rxe5 21. Bf3 Bc6 22. Nc3 Rd8 $2 (22... Nc7 $142 23. Rd2 $14) 23. Nxd5 $1
Rdxd5 24. Bxd5 Rxd5 25. Rxd5 Bxd5 26. Rd1 Nc7 27. e4 Bc6 28. Rd8+ Ne8 29. Rc8
$16) 16. e3 Qf5 17. f4 Rad8 18. Kh1 (18. Bxf6 $5 Qxf6 (18... Bxf6 19. g4 Qc8
20. g5 Bxe5 21. fxe5 (21. dxe5 d4 22. exd4 cxd4 23. Ne4 Nb5 $13) 21... Qg4 22.
Qf2 Rd7 23. h4 $14) 19. g4 h6 $132) (18. Bf3 $142 $1 {/\Qg2}) 18... Qc8 (18...
cxd4 19. exd4 Ne4 20. Bxe7 Rxe7 21. Qa3 $6 Rde8 22. Nxe4 dxe4 23. Qxa7 Nd5 $36)
19. Bf3 (19. Bxf6 Bxf6 20. Bf3 $10) 19... cxd4 20. exd4 Ne4 21. Bxe7 Rxe7 22.
Rc1 f6 23. Bg4 Qa8 24. Nf3 Ne8 $1 25. Nh4 N8d6 26. Nf5 Nxf5 27. Bxf5 Rde8 $15
28. Kg1 Qd8 29. Rfe1 g6 30. Bg4 $2 (30. Bxe4 dxe4 31. Rcd1 Rd7 32. Qf2 f5 $15)
30... h5 31. Be2 $2 (31. Bh3 $2 Ng5 32. Rxe7 Nxh3+ 33. Kg2 Nxf4+ 34. gxf4 Qxe7
$19) (31. Bf3 Ng5 32. Rf1 Nxf3+ 33. Rxf3 Qd7 $17 {<->e}) (31. Bd1 Ba6 {/\Nxg3}
32. Nxe4 dxe4 33. f5 e3 34. fxg6 e2 35. Bc2 Re3 $17 {->}) 31... Nxc3 32. Rxc3
Ba6 $19 33. Rc2 Qd7 34. b4 Bc4 35. Rxc4 dxc4 36. Bxc4+ Kg7 37. Rxe7+ Qxe7 (
37... Qxe7 38. Qd2 Qe1+ 39. Qxe1 Rxe1+ 40. Kf2 Re4 $19) 0-1

[Event "Antwerp"]
[Site "Antwerp"]
[Date "1993.??.??"]
[Round "7"]
[White "Piket, Jeroen"]
[Black "Hansen, Curt"]
[Result "1-0"]
[WhiteElo "2590"]
[BlackElo "2590"]
[Annotator "Dautov,R"]
[PlyCount "121"]
[EventDate "1993.08.??"]
[EventType "tourn"]
[EventRounds "9"]
[EventCountry "BEL"]
[EventCategory "13"]
[SourceTitle "CBM 037"]
[Source "ChessBase"]
[SourceDate "1993.12.01"]
[SourceVersion "1"]
[SourceVersionDate "1993.12.01"]
[SourceQuality "1"]

1. d4 e6 2. c4 Nf6 3. Nf3 b6 4. g3 Ba6 5. b3 Bb7 6. Bg2 Bb4+ 7. Bd2 Be7 8. O-O
O-O 9. Nc3 Na6 10. e3 $5 {N} c5 (10... d5 11. Qe2 c5 12. Rfd1 Qc8 13. Be1 Rd8
14. cxd5 exd5 15. Rac1 h6 16. Ne5 Qe6 17. f4 cxd4 $2 (17... Bf8 $142) 18. Nb5
$1 Bd6 19. Nc6 Re8 20. Ncxd4 Qd7 21. Bh3 Qd8 22. Nxd6 Qxd6 23. Nf5 Qd8 24. b4
Ne4 25. Qb2 f6 26. Qe2 Nd6 27. Qh5 $16 {->Granda Zuniga-Lobron/Biel izt/1993})
11. Qe2 cxd4 (11... d5 $142) 12. exd4 d5 13. Ne5 Nb4 (13... Rc8 $6 14. Nb5 Ra8
15. Rac1 $14) 14. Bg5 Rc8 15. Rac1 h6 (15... Ba8 16. Rfd1 dxc4 17. Bxa8 Rxa8
18. bxc4 Rc8 19. a3 Nc6 20. Nxc6 Rxc6 21. d5 $36) 16. Bxf6 Bxf6 17. Rfd1 Re8 (
17... Qe7 $2 18. a3 $16 {/\cd5}) 18. Nb5 (18. a3 Nc6 19. cxd5 exd5 20. Bxd5 (
20. Nxd5 $2 Nxd4 21. Nxf6+ Qxf6 $19) (20. Nxc6 Rxc6 21. Qh5 Rc7 $10) 20... Nxd4
$1 21. Rxd4 (21. Bxf7+ $2 Kf8 22. Rxd4 Qxd4 23. Bxe8 Bxe5 $19) 21... Bxd5 22.
Rxd5 Qxd5 23. Nxd5 Rxc1+ 24. Kg2 Rxe5 25. Nxf6+ gxf6 26. Qg4+ Rg5 27. Qf4 Rc8
28. Qxf6 Rg6 $10) 18... a6 19. Na7 Ra8 (19... Rc7 20. a3 Bxe5 21. dxe5 (21.
Qxe5 Na2 22. Rc2 dxc4 23. Bxb7 Rxb7 24. bxc4 (24. Nc6 $2 cxb3 $1 25. Nxd8 bxc2
$19) 24... Rxa7 25. Rxa2 Rd7 $10) 21... Nc6 22. Nxc6 Bxc6 23. cxd5 Bxd5 24.
Rxc7 Qxc7 25. Bxd5 exd5 26. Qxa6 Rxe5 27. Qa8+ Kh7 28. Rxd5 Re1+ 29. Kg2 Qc1
$44) 20. a3 Na2 $6 (20... Rxa7 21. axb4 Bxe5 22. Qxe5 dxc4 23. Bxb7 Rxb7 24.
bxc4 $14) (20... Bxe5 $1 21. dxe5 (21. Qxe5 Na2 22. Rc2 dxc4 23. bxc4 Bxg2 24.
Kxg2 Rxa7 25. Rxa2 $10) 21... Rxa7 (21... Nc6 $2 22. cxd5 $1 Nxa7 23. dxe6 Qe7
24. Bxb7 Qxb7 25. Rd7 $18) 22. axb4 Qe7 23. cxd5 Bxd5 24. Bxd5 exd5 25. Rxd5
Qxb4 $10) 21. Qxa2 Rxa7 22. b4 $1 {/\c5} dxc4 23. Bxb7 Rxb7 24. Qxc4 $36 {<->c}
Qa8 25. Qc6 Rd8 26. Qe4 b5 (26... Rc8 27. Rc6 Rbb8 28. Rdc1 $14) 27. h4 Ra7 28.
Qxa8 Raxa8 29. f4 $1 Rac8 $6 (29... Bxe5 $1 30. fxe5 (30. dxe5 Rxd1+ 31. Rxd1
a5 $10) 30... a5 31. Rc5 axb4 32. axb4 Rd5 33. Rxd5 exd5 34. Rc1 Ra3 $10) 30.
Nc6 Re8 31. Rc5 Kf8 32. Kf2 Be7 33. Nxe7 Kxe7 34. Rdc1 $14 Rcd8 35. Rc7+ Rd7
36. R1c6 (36. h5 $1 Ra8 37. Rxd7+ Kxd7 38. Rc5 $14 {>=}) 36... Ra8 37. Ke3 Kd8
(37... a5 $1 {>=} 38. Rxd7+ Kxd7 39. Rb6 axb4 40. axb4 Ra3+ 41. Kf2 Rd3 42.
Rxb5 Rxd4 43. Rb7+ Ke8 44. Ke3 Rd5 45. b5 h5 46. b6 Rd6 47. Ke4 Kf8 48. Rb8+
Ke7 49. b7 Rb6 $10) 38. Rxd7+ Kxd7 39. Rc5 Kd6 (39... f5 40. h5 Kd6 41. d5 exd5
42. Kd4 $16 {><f5}) 40. g4 g6 41. h5 (41. d5 exd5 42. Kd4 Re8 43. Rxd5+ Kc6 44.
Re5 Rd8+ $10) 41... Rg8 42. hxg6 fxg6 (42... Rxg6 $5 43. Kf3 Rg8 44. f5 Rg7 45.
Kf4 Rg8 $14) 43. Ke4 Rb8 $2 (43... Re8 $1 {>=} 44. a4 Rb8 $14) 44. d5 $16 exd5+
45. Rxd5+ Ke7 (45... Ke6 46. f5+ $16) (45... Kc6 46. f5 Re8+ 47. Re5 Rxe5+ 48.
Kxe5 $18) 46. Ke5 Re8 47. Rd6 Kf7+ 48. Kd5 Re3 49. Rxa6 Rg3 50. a4 bxa4 51. b5
a3 52. b6 Rb3 53. Kc6 $18 Rc3+ 54. Kd7 Rd3+ 55. Kc8 Rc3+ 56. Kb8 Rc4 57. b7
Rxf4 58. Ka7 Rb4 59. b8=Q Rxb8 60. Kxb8 h5 61. g5 1-0

[Event "Budapest FS10 GM"]
[Site "Budapest"]
[Date "1993.??.??"]
[Round "7"]
[White "Avrukh, Boris"]
[Black "Kalesis, Nikolaos"]
[Result "1-0"]
[WhiteElo "2440"]
[BlackElo "2410"]
[Annotator "Dautov,R"]
[PlyCount "65"]
[EventDate "1993.10.??"]
[EventType "tourn"]
[EventRounds "11"]
[EventCountry "HUN"]
[EventCategory "9"]
[SourceTitle "CBM 038"]
[Source "ChessBase"]
[SourceDate "1994.02.01"]
[SourceVersion "1"]
[SourceVersionDate "1994.02.01"]
[SourceQuality "1"]

1. d4 Nf6 2. c4 e6 3. Nf3 b6 4. g3 Ba6 5. b3 Bb4+ 6. Bd2 Be7 7. Bg2 c6 8. Bc3
d5 9. Ne5 Nfd7 10. Nxd7 Nxd7 11. Nd2 Rc8 12. O-O O-O 13. e4 b5 14. Re1 dxe4 15.
Nxe4 $1 (15. c5 $2 f5 16. f3 b4 17. Bxb4 Ne5 18. Bc3 Nd3 $17 {Karpov-Timman/
FIDE-Wch (2)/1993}) (15. Bxe4 c5 16. d5 exd5 17. Bxd5 Bf6 18. Bxf6 Nxf6 $10)
15... bxc4 16. Qe2 c5 $6 {N} (16... Rc7 17. Rad1 Qc8 18. Bf1 Rd8 19. a4 Nb6 20.
Nc5 Nd5 21. Ba5 Nb6 22. Qe4 Bf6 23. bxc4 $16 {Epishin-Shneider/Moscow Alekhine
op/1992}) (16... Nf6 {>=} 17. Rac1 Nxe4 18. Bxe4 Bf6 19. Red1 Qc7 20. Qh5 g6
21. Qa5 Qb7 22. bxc4 Bxc4 23. Bb4 Qb5 24. Qxb5 cxb5 25. Bxf8 Rxf8 26. Bd3 (26.
d5 $5) 26... Bxa2 27. Bxb5 Rd8 $10 {Vyzmanavin-Magerramov/Cheliabinsk/1990})
17. dxc5 Nxc5 18. Nxc5 $6 (18. Rad1 $2 Nd3 19. bxc4 Bxc4 20. Bf1 Qd5 $17) (18.
Qg4 $1 g6 19. Nxc5 Rxc5 20. Rad1 Qc8 21. Qd4 f6 22. Bh3 Rc6 23. Qd7 $16) 18...
Rxc5 (18... Bxc5 $6 19. b4 $1 (19. Qe5 Qf6 20. Qxf6 gxf6 21. Bxf6 $14) 19...
Bb6 (19... Be7 20. Rad1 Qc7 21. Qg4 g6 22. Rxe6 $1 fxe6 23. Qxe6+ Rf7 24. Qxa6
Rd8 25. Bd5 $16) 20. Qg4 g6 21. Rad1 Qe7 22. Qf4 Bc7 (22... f6 23. Rxe6 $1 Qxe6
24. Bd5 $18) 23. Qd4 e5 24. Qxa7 $16) 19. b4 Rc7 $6 (19... Rg5 $1 20. a4 (20.
Rad1 Qb6 $13) (20. f4 Rg6 $13) 20... Qc8 $13 (20... Qd3 21. Qb2 $14) (20... Qb6
21. b5 Bb7 22. a5 Qc7 23. Be5 Qc8 24. Bxb7 Qxb7 25. Qxc4 Rc8 $132)) 20. Rad1
Rd7 21. Qg4 g6 22. a4 Rxd1 $2 (22... Rd3 {>=} 23. b5 (23. Bf1 h5 $13) 23... Bc8
24. Rc1 Rxc3 25. Rxc3 Bb4 26. Qxc4 Qa5 27. Rec1 Bxc3 28. Rxc3 e5 $14) 23. Rxd1
Qc7 24. Qd4 e5 25. Qd7 $16 Bd8 (25... Rc8 26. b5 $18) 26. Qd5 Re8 27. b5 Bc8
28. Bxe5 $1 Qe7 29. Bc3 Be6 30. Qd4 f6 31. a5 Bc7 $2 (31... Qc7 32. Bc6 Rf8 33.
Qe4 Qf7 34. Rd6 Bf5 35. Qd4 $18) 32. Qxa7 Bg4 33. Bd5+ {/\Re1+-} 1-0

[Event "Las Palmas"]
[Site "Las Palmas"]
[Date "1994.??.??"]
[Round "5"]
[White "Illescas Cordoba, Miguel"]
[Black "Morovic Fernandez, Ivan"]
[Result "1/2-1/2"]
[WhiteElo "2590"]
[BlackElo "2605"]
[Annotator "Dautov,R"]
[PlyCount "53"]
[EventDate "1994.05.??"]
[EventType "tourn"]
[EventRounds "9"]
[EventCountry "ESP"]
[EventCategory "17"]
[SourceTitle "CBM 042"]
[Source "ChessBase"]
[SourceDate "1994.10.01"]
[SourceVersion "1"]
[SourceVersionDate "1994.10.01"]
[SourceQuality "1"]

1. d4 Nf6 2. c4 e6 3. Nf3 b6 4. g3 Ba6 5. b3 Bb4+ 6. Bd2 Be7 7. Bg2 c6 8. Bc3
d5 9. Ne5 Nfd7 10. Nxd7 Nxd7 11. Nd2 O-O 12. O-O Rc8 13. e4 c5 14. exd5 exd5
15. dxc5 dxc4 16. c6 cxb3 17. Re1 Bb5 18. axb3 Bxc6 19. Bxc6 Rxc6 20. Rxa7 Bf6
21. Nc4 Nc5 22. Qxd8 Rxd8 23. Bxf6 gxf6 $1 (23... Rxf6 24. b4 Ne6 25. Nxb6 Ng5
26. Rd7 $1 Nf3+ 27. Kf1 Rb8 28. Red1 Kf8 29. Nd5 Re6 30. Nc7 $16 {
Karpov-Beliavsky/Linares/1993}) 24. Ree7 Nxb3 25. Ne3 Rf8 26. Nf5 (26. g4 {
/\Nf5} h5 27. gxh5 Rc5 28. h6 Rh5 $10 29. Ng4 $2 Rg5 $17) (26. Ra4 $5 Nc5 (
26... Rfc8 27. Nf5 Rc5 28. Nd6 $14) 27. Rg4+ Kh8 28. Nf5 Re6 29. Rc7 Ne4 30.
Nh6 Nd6 31. Rc6 f5 32. Rh4 b5 33. Rh5 $10) 26... h5 $1 $10 27. Re3 (27. Nh6+
Kg7 28. Nxf7 Kg6 $10) (27. Re3 Rc1+ 28. Kg2 Nc5 29. Ne7+ Kg7 30. Nd5 b5 31. Ra5
Rb8 (31... Rd8 32. Nf4 b4 33. Nxh5+ Kg6 34. Nf4+ Kh7 35. Rb5 b3 36. Re7 $36)
32. Nc3 b4 33. Rxc5 Rxc3 34. Rcxc3 bxc3 35. Rxc3 $10) 1/2-1/2